00863cam a22002417a 4500003000500000005001700005008004100022010001000063011001000073035001000083040000900093100002700102245013100129260006000260300003900320502008000359650002600439650003400465650003500499650003500534650003200569650002000601CHAP20220329141905.0980420d1996 mx a r 00110 spa d a75341 a76313 a85892 cCHAP00aLópez Meza, Antonio.10aSistemas de organización tradicional y asociación de productores en Tenejapa, Chiapas, Méxicoc/por Antonio López Meza aSan Cristobal de Las Casas, Chiapas :bEl autor,c1996. a193 h. :bilus. ; mapas ; gráfs. aTesis (M. C. en Desarrollo Rural) -- UACH. Dirección de Centros Reginales14aCampesinadoxChiapas.14aChiapasxCondiciones rurales.14aChiapasxCondiciones sociales.14aOrganización de productores.14aTierrasxTenenciaxChiapas.24aCafeticultores.